LEADER 00953nam 2200313Ia 450 001 996396795103316 005 20221108074620.0 035 $a(CKB)4940000000056433 035 $a(EEBO)2248574382 035 $a(OCoLC)12138788 035 $a(EXLCZ)994940000000056433 100 $a19850610d1655 uy | 101 0 $aeng 135 $aurbn||||a|bb| 200 10$aImperiale, a tragedy$b[electronic resource] 210 $aLondon $cPrinted by Thomas Harper, and are to be sold by Robert Pollard ...$d1655 215 $a[79] p 300 $aDedication signed: R.F. [i.e. Sir Ralph Freeman]. Cf. Halkett & Laing (2nd ed.). 300 $aReproduction of original in Huntington Library. 330 $aeebo-0113 700 $aFreeman$b Ralph$cSir,$ffl. 1610-1655.$01003041 801 0$bEAA 801 1$bEAA 801 2$bm/c 801 2$bWaOLN 906 $aBOOK 912 $a996396795103316 996 $aImperiale$92326948 997 $aUNISA